Inverse theory for petroleum reservoir characterization and history matching / (Record no. 11606)

MARC details
000 -LEADER
fixed length control field 01113cam a22003017i 4500
001 - CONTROL NUMBER
control field 15397154
003 - CONTROL NUMBER IDENTIFIER
control field EG-ScBUE
005 - DATE AND TIME OF LATEST TRANSACTION
control field 20260315091317.0
008 - FIXED-LENGTH DATA ELEMENTS--GENERAL INFORMATION
fixed length control field 080805s2008 enka f b 001 0 eng d
020 ## - INTERNATIONAL STANDARD BOOK NUMBER
International Standard Book Number 9780521881517 (hbk)
035 ## - SYSTEM CONTROL NUMBER
System control number (OCoLC)ocn181141231
040 ## - CATALOGING SOURCE
Original cataloging agency EG-ScBUE
Language of cataloging eng
Description conventions rda
Transcribing agency EG-ScBUE
Modifying agency EG-ScBUE
082 04 - DEWEY DECIMAL CLASSIFICATION NUMBER
Classification number 553.280151
Item number OLI
Edition number 22
100 1# - MAIN ENTRY--PERSONAL NAME
Personal name Oliver, Dean Stuart,
9 (RLIN) 5082
Relator term author.
245 10 - TITLE STATEMENT
Title Inverse theory for petroleum reservoir characterization and history matching /
Statement of responsibility, etc Dean S. Oliver, Albert C. Reynolds, Ning Liu.
264 #1 - PUBLICATION, DISTRIBUTION, ETC. (IMPRINT)
Place of publication, distribution, etc Cambridge :
Name of publisher, distributor, etc Cambridge University Press,
Date of publication, distribution, etc 2008.
300 ## - PHYSICAL DESCRIPTION
Extent xii, 380 pages :
Other physical details illustrations ;
Dimensions 26 cm
336 ## - CONTENT TYPE
Source rdacontent
Content type term text
Content type code txt
337 ## - MEDIA TYPE
Media type term unmediated
Source rdamedia
Media type code n
338 ## - CARRIER TYPE
Carrier type term volume
Carrier type code nc
Source rdacarrier
504 ## - BIBLIOGRAPHY, ETC. NOTE
Bibliography, etc Includes bibliographical references and index.
650 #7 - SUBJECT ADDED ENTRY--TOPICAL TERM
Topical term or geographic name as entry element Inversion (Geophysics)
9 (RLIN) 5084
Source of heading or term BUEsh
650 #7 - SUBJECT ADDED ENTRY--TOPICAL TERM
9 (RLIN) 5083
Topical term or geographic name as entry element Petroleum reserves
General subdivision Mathematical models.
Source of heading or term BUEsh
655 ## - INDEX TERM--GENRE/FORM
Form subdivision Reading book
700 1# - ADDED ENTRY--PERSONAL NAME
Personal name Reynolds, Albert C.,
9 (RLIN) 5085
Relator term author.
700 1# - ADDED ENTRY--PERSONAL NAME
Personal name Liu, Ning,
Dates associated with a name 1979-
9 (RLIN) 5086
Relator term author.
942 ## - ADDED ENTRY ELEMENTS (KOHA)
Source of classification or shelving scheme Dewey Decimal Classification
Koha item type Book - Borrowing
Holdings
Withdrawn status Lost status Source of classification or shelving scheme Damaged status Not for loan Collection code Home library Current library Shelving location Date acquired Source of acquisition Cost, normal purchase price Serial Enumeration / chronology Total Checkouts Full call number Barcode Date last seen Date checked out Price effective from Koha item type
    Dewey Decimal Classification       Central Library Central Library First floor 25/05/2009   850.00 955 2 553.280151 OLI 000016214 15/07/2025 10/06/2014 25/05/2009 Book - Borrowing